00631nam a2200193Ia 4500003000400000005001700004008004100021020001500062040001800077041000800095082002000103100001600123245004400139250001200183260004400195300002300239650006700262650010800329OSt20220709105745.0210716s1994 xx 000 0 und d a812240006X cAIMIT LIBRARY aeng a511.8 21bKAPJ aKapur, J N. aMathematical modelling /cBy J N Kapur. a1st ed. aNew Delhi :bWiley Eastern Ltd ,c1994. axi,259p. ;c23 cm. aMathematical modelling through ordinary differential equations aMathematical modelling through mathematical programming maximum principle and maximum entropy principle